| 000 | 00368nam a2200145Ia 4500 | ||
|---|---|---|---|
| 008 | 230917s9999||||xx |||||||||||||| ||und|| | ||
| 040 |
_e147414 _aMAIN |
||
| 041 | _aEnglish | ||
| 082 | _a301.4443 B147C | ||
| 100 | _aBahadur, K P | ||
| 245 | 0 | _aCaste, tribes and culture of Rajputs | |
| 260 |
_aDelhi _bEss Ess Publications _c1978 |
||
| 300 | _a190 p. | ||
| 942 | _cBK | ||
| 999 |
_c193671 _d193671 |
||